000 00463nam a22001937a 4500
003 MPLRDC
005 20220104143502.0
008 210129b ||||| |||| 00| 0 eng d
020 _a957-560-074-6
082 _a848.2 LHY v.5 c.3
100 _a廖辉英著
245 _a都市候鸟
_c
250 _a八版
260 _a
_b九歌出版社
_c1990
300 _b
490 _a九歌文库;290
650 _a现代别集
942 _cBK
_o848.2 LHY v.5 c.3
999 _c40373
_d40363